Computational intelligence applications in pavement and geomechanical systems : proceedings of the 2nd International Workshop on Artificial Intelligence and Mathematical Methods in Pavement and Geomechanical Systems, Newark, Delaware, USA, 11-12 August 2000 /

Bibliographic Details
Corporate Author: International Workshop on Artificial Intelligence and Mathematical Methods in Pavement and Geomechanical Systems Newark, Del.
Other Authors: Attoh-Okine, Nii O.
Format: Conference Proceeding Book
Language:English
Published: Rotterdam ; Brookfield, VT : A.A. Balkema, 2000.
Subjects:

MARC

Tag First Indicator Second Indicator Subfields
LEADER 00000cam a2200000Ia 4500
001 in00001761890
005 20151025051830.0
008 010409s2000 ne a b 101 0 eng d
020 |a 9058091562 
035 |a (OCoLC)ocm46689516 
040 |a EYM  |c EYM  |d OHX  |d TXU  |d UtOrBLW 
049 |a TXAM 
072 7 |a TK  |2 lcco 
090 |a TE251.5  |b .I584 2000 
111 2 |a International Workshop on Artificial Intelligence and Mathematical Methods in Pavement and Geomechanical Systems  |n (2nd :  |d 2000 :  |c Newark, Del.) 
245 1 0 |a Computational intelligence applications in pavement and geomechanical systems :  |b proceedings of the 2nd International Workshop on Artificial Intelligence and Mathematical Methods in Pavement and Geomechanical Systems, Newark, Delaware, USA, 11-12 August 2000 /  |c edited by Nii O. Attoh-Okine. 
264 1 |a Rotterdam ;  |a Brookfield, VT :  |b A.A. Balkema,  |c 2000. 
300 |a vii, 219 pages :  |b illustrations ;  |c 26 cm. 
336 |a text  |b txt  |2 rdacontent 
337 |a unmediated  |b n  |2 rdamedia 
338 |a volume  |b nc  |2 rdacarrier 
504 |a Includes bibliographical references and index. 
650 0 |a Pavements  |x Performance  |v Congresses. 
650 0 |a Computational intelligence  |v Congresses. 
700 1 |a Attoh-Okine, Nii O. 
948 |a cataloged  |b h  |c 2003/11/22  |d c  |e rdavis  |f 12:49:27 pm 
994 |a E0  |b TXA 
999 |a MARS 
999 f f |s ea2aedfd-1598-3d21-9b69-6be709c13fc8  |i d8aa6023-45d7-3bf6-a091-ff87a32ef3f6  |t 0 
952 f f |p ric  |a Texas A&M University  |b Rellis Campus  |c Joint Library Facility  |d Remote Storage  |t 0  |e TE251.5 .I584 2000  |h Library of Congress classification  |i unmediated -- volume  |m A14830860819 
998 f f |a TE251.5 .I584 2000  |t 0  |l Remote Storage